01214nam a22002057a 450000500170000000800470001704100080006404400070007208200170007910000070009611000630010324503140016626003340048030000450081465000290085965000210088865000340090970000300094370000350097320180803165602.0140822|2010 xxu||||| |||| 00| 0 ck spa d aspa ack a323.11bA83p a  aColombiabAsociación Profesionales Nueva Opción-ASONOP aProyecto Ordenamiento Forestal y Estrategias de Fortalecimiento a la Gobernanza Forestal de la Zona Indígena de Udic de la Cuenca del Río Cuduyari, Sector Piloto de la Reserva Forestal de la Amazonia en el Departamento de Vaupés, Jurisdicción C.D.A. c Asociación Profesionales Nueva Opción-ASONOP aVillavicencio, ColombiabMinisterio de Ambiente, Vivienda y Desarrollo Territorial Fondo de Compensación Ambiental-FCA bCorporación para el Desarrollo Sostenible del Norte y el Oriente Amazónica-CDA Seccional VaupésbAsociación Profesionales Nueva Opción-ASONOPbUnión de Indígenas Cubeo del Cauduyari-UDICc2010 a44 p.bFot (col), tablas, mapas.c29 cm. 6aOrdenamiento territorial 6aGrupos étnicos 6aRecursos naturalesz Amazonas aGonzalez, ServandoeTrad. aQuintero, Franc DaríoeTrad.